000 01590nam a2200349 c 4500
003 BLK
005 20241211102105.0
008 180409b bul|||||r ||||||| ||bul||
010 _aKNG00119848000
040 _aBLK
041 _aBUL
_cBUL
080 _aФренска литература
_b821.133.1
_x(081)
_z821.133.1(081)
080 _aФренска литература
_b821.133.1
_x-31
_z821.133.1-31
100 1 _aФлобер, Гюстав
_eпърви автор
_9134422
700 1 _aБогданов, Богдан
_eвстъп. студия от
_9365783
700 1 _aКонстантинов, Константин
_eпрев. на том
_9363429
139 _aФлобер, Гюстав
_bФ 63
245 1 0 _aИзбрани творби
_bВ 4 т. За том: Роман
_cГюстав Флобер; встъп. студия от Богдан Богданов; прев. на том Константин Константинов.
_nТ. 1
_pМадам Бовари
257 _aFRA
260 София
_bНар. култура
_c1984
_fВ. Търново : Д. Найденов
300 _c21 см
380 _aX
500 _a30 125 тир.
653 _aромани
760 1 _aФлобер, Гюстав
_d1984
_h423 с.
_nОриг. загл. Madame Bovary / Gustave Flaubert.
_tТ. 1 Мадам Бовари
852 _aЦб 125967
856 4 _qpdf
_u
856 4 _qpdf
_u
942 _cKNG
_n0
_014
944 _aCR
_c14.10.2010
_lЦветелина Шанова
_k30531
944 _aED
_c21.12.2017
_lф / 13.10.2010
_kЛюдмила_Стоянова
999 _c114417
_d114417